[Event "Match"]
[Site "www.echecsemail.com"]
[Date "2020.04.06"]
[Round "1"]
[White "Amirah"]
[Black "Anemoa"]
[WhiteElo "2599"]
[BlackElo "2289"]
[Result "1-0"]
[Round "1"]
1.e4 c5
2.Ng1f3 d6
3.d4 cxd4
4.Nf3xd4 g6
5.Nb1c3 Bf8g7
6.Bc1e3 Ng8f6
7.Bf1c4 Nb8c6
8.Nd4f5 gxf5
9.exf5 a6
10.Qd1h5 Bc8d7
11.Qh5xf7 { resign }
1-0

[Event "Tourn. n10328"]
[Site "www.chess-mail.com"]
[Date "2020.04.06"]
[Round "1"]
[White "Szustan"]
[Black "Rons"]
[WhiteElo "2680"]
[BlackElo "2660"]
[Result "1-0"]
[Round "1"]
1.e4 c5
2.c3 d6
3.d4 Ng8f6
4.Bf1d3 Nb8c6
5.d5 Nc6e5
6.Bd3c2 g6
7.f4 Ne5d7
8.Ng1f3 Nd7b6
9.O-O Bf8g7
10.a4 a5
11.Nb1a3 O-O
12.h3 Bc8d7
13.Rf1e1 Qd8c8
14.c4 Nf6h5
15.e5 e6
16.g4 exd5
17.gxh5 Bd7xh3
18.Kf2 dxe5
19.fxe5 d4
20.h6 Bg7h8
21.Qd1d3 Bh3e6
22.Re1g1 Qc8d7
23.Bc1f4 Nb6xa4
24.Ra1b1 Na4b6
25.Nf3g5 Be6g4
26.Rb1e1 Ra8e8
27.Na3b5 Nb6c8
28.Qd3g3 Bg4f5
29.Ng5e4 Qd7d8
30.Bc2d3 Bf5xe4
31.Bd3xe4 b6
32.Kg2 Nc8e7
33.Nb5d6 Qd8d7
34.Rg1f1 Qd7e6
35.b3 a4
36.bxa4 Re8c8
37.Kg1 Rc8e8
38.Nd6xe8 Rf8xe8
39.Bf4g5 d3
40.Be4xd3 { resign }
1-0

[Event "Tourn. n10312"]
[Site "www.chess-mail.com"]
[Date "2020.04.06"]
[Round "1"]
[White "Ditto"]
[Black "Roque1"]
[WhiteElo "2000"]
[BlackElo "1930"]
[Result "1-0"]
[Round "1"]
1.e4 c5
2.Bf1c4 e6
3.Ng1f3 g6
4.d4 cxd4
5.Qd1xd4 Ng8f6
6.Bc1g5 Bf8g7
7.O-O O-O
8.e5 Nb8c6
9.Qd4f4 Nf6h5
10.Bg5xd8 Nh5xf4
11.Bd8c7 Rf8e8
12.c3 Nc6xe5
{ time. }
1-0

[Event "Match"]
[Site "www.echecsemail.com"]
[Date "2020.04.06"]
[Round "1"]
[White "Whitekknight"]
[Black "Orchidee"]
[WhiteElo "1880"]
[BlackElo "1809"]
[Result "0-1"]
[Round "1"]
1.e4 c5
2.Ng1f3 Nb8c6
3.d4 cxd4
4.Nf3xd4 d6
5.c3 Ng8f6
6.Bf1d3 g6
7.O-O Bf8g7
8.Nd4xc6 bxc6
9.Qd1b3 O-O
10.Bc1e3 Qd8c7
11.f3 Ra8b8
12.Qb3c2 Bc8d7
13.b3 Qc7a5
14.Be3d2 Bd7e6
15.c4 Qa5c7
16.Nb1c3 d5
17.Ra1c1 dxc4
18.bxc4 Nf6h5
19.g3 Nh5xg3
20.Rf1f2 Bg7d4
21.Bd2e1 Rf8d8
22.Nc3e2 Ng3xe2
23.Qc2xe2 Qc7d6
24.Kf1 Bd4xf2
25.Rc1d1 Bf2xe1
26.Kxe1 Qd6d4
27.Kf1 Be6h3
28.Ke1 Rb8b2
{ resign }
0-1

[Event "Match"]
[Site "www.echecsemail.com"]
[Date "2020.04.06"]
[Round "1"]
[White "Calponas"]
[Black "Ket"]
[WhiteElo "2060"]
[BlackElo "2090"]
[Result "0-1"]
[Round "1"]
1.e4 c5
2.Nb1c3 d6
3.Ng1f3 Nb8c6
4.g3 Ng8f6
5.Bf1g2 e6
6.O-O Bf8e7
7.d3 O-O
8.h4 a6
9.Bc1e3 Qd8c7
10.Nc3e2 d5
11.e5 Nc6xe5
12.Nf3xe5 Qc7xe5
13.c3 Qe5c7
14.d4 Bc8d7
15.Ra1c1 Ra8c8
16.Ne2f4 Rf8e8
17.Nf4d3 Bd7b5
18.a4 Bb5xd3
19.Qd1xd3 cxd4
20.cxd4 Qc7d7
21.a5 Rc8xc1
22.Rf1xc1 Re8c8
23.Bg2h3 Rc8xc1
24.Be3xc1 Be7b4
25.Bc1d2 Qd7a4
26.Bd2xb4 Qa4xb4
27.Qd3c3 Qb4xc3
28.bxc3 Nf6e4
29.c4 dxc4
30.Bh3g2 Ne4d2
31.Bg2xb7 c3
32.Bb7xa6 c2
{ resign }
0-1

[Event "Match"]
[Site "www.echecsemail.com"]
[Date "2020.04.06"]
[Round "1"]
[White "Koudelka"]
[Black "Aiko1603"]
[WhiteElo "2070"]
[BlackElo "2090"]
[Result "1-0"]
[Round "1"]
1.e4 c5
2.Ng1f3 Nb8c6
3.d4 cxd4
4.Nf3xd4 g6
5.Bf1c4 Bf8g7
6.Nd4xc6 bxc6
7.Qd1f3 e6
8.O-O Ng8e7
9.Nb1c3 O-O
10.Bc1f4 d5
11.Rf1d1 Qd8b6
12.Bc4b3 dxe4
13.Nc3xe4 Ne7d5
14.Bf4d6 Rf8d8
15.Bd6a3 Bc8a6
16.c4 Nd5c7
17.Ne4d6 c5
18.Qf3xf7 Kh8
19.Qf7e7 Rd8f8
20.Nd6f7 Kg8
21.Rd1d7 { resign }
1-0

[Event "Tourn. n10336"]
[Site "www.chess-mail.com"]
[Date "2020.04.06"]
[Round "1"]
[White "Szustan"]
[Black "Rons"]
[WhiteElo "2680"]
[BlackElo "2680"]
[Result "1-0"]
[Round "1"]
1.e4 c5
2.c3 d6
3.d4 Ng8f6
4.Bf1d3 Nb8c6
5.d5 Nc6e5
6.Bd3c2 g6
7.f4 Ne5c4
8.Qd1e2 Nc4b6
9.Ng1f3 Bf8h6
10.O-O O-O
11.a4 a5
12.Nb1a3 Bc8g4
13.h3 Bg4d7
14.g4 Bh6g7
15.Na3b5 Nf6e8
16.c4 Ne8c7
17.f5 Nc7a6
18.Ra1a3 Na6b4
19.Bc2b1 Ra8b8
20.e5 dxe5
21.Nf3g5 Bd7xb5
22.axb5 Qd8d6
23.Ra3f3 Nb6d7
24.Ng5e4 Qd6b6
25.g5 Rb8c8
26.f6 exf6
27.gxf6 Bg7h8
28.h4 { resign }
1-0

[Event "Tourn. n10319"]
[Site "www.chess-mail.com"]
[Date "2020.04.07"]
[Round "1"]
[White "Ket"]
[Black "Picifarkinca"]
[WhiteElo "2000"]
[BlackElo "1630"]
[Result "1/2-1/2"]
[Round "1"]
1.e4 c6
2.d4 d5
3.Nb1c3 dxe4
4.Nc3xe4 Ng8f6
5.Bf1d3 Nf6xe4
6.Bd3xe4 Nb8d7
7.Ng1f3 Nd7f6
8.Be4d3 e6
9.O-O Bf8e7
10.Rf1e1 O-O
11.c4 b6
12.Nf3e5 Bc8b7
13.Bc1g5 h6
14.Bg5h4 Nf6d7
15.Bh4g3 Nd7xe5
16.Bg3xe5 Be7f6
17.Qd1f3 Bf6xe5
18.Re1xe5 Qd8xd4
19.Ra1e1 Ra8d8
20.Bd3b1 c5
21.Qf3e2 Qd4d2
22.h3 Qd2xe2
23.Re5xe2 Rd8d4
24.b3 Rf8d8
25.Bb1c2 Rd4d2
26.f4 Kf8
27.Kf2 Rd8d4
28.g3 Rd2xe2
29.Re1xe2 Bb7c6
{ draw }
1/2-1/2

[Event "Tourn. n10327"]
[Site "www.chess-mail.com"]
[Date "2020.04.07"]
[Round "1"]
[White "Estonia"]
[Black "Madz123456"]
[WhiteElo "1910"]
[BlackElo "2020"]
[Result "0-1"]
[Round "1"]
1.Ng1f3 Ng8f6
2.d4 d5
3.Bc1f4 g6
4.e3 Bf8g7
5.Bf1e2 O-O
6.O-O c5
7.c4 cxd4
8.Nf3xd4 dxc4
9.Be2xc4 Nb8d7
10.Nb1c3 e5
11.Bf4g5 exd4
12.exd4 h6
13.Bg5e3 Nd7b6
14.Bc4b3 Nf6d5
15.Bb3xd5 Nb6xd5
16.Qd1f3 Bc8e6
17.h3 Ra8c8
18.Ra1c1 Rf8e8
19.Rf1d1 Qd8d7
20.Qf3g3 Nd5xc3
21.bxc3 Be6xa2
22.Qg3f3 Ba2b3
23.Rd1e1 a5
24.Qf3g3 a4
25.Qg3h4 a3
26.Be3xh6 Re8xe1
27.Rc1xe1 Rc8xc3
28.Bh6xg7 Kxg7
29.Qh4e4 Qd7d5
30.Qe4xd5 Bb3xd5
31.Re1a1 a2
{ resign }
0-1

[Event "Tournament 01"]
[Site "www.echecsemail.com"]
[Date "2020.04.07"]
[Round "1"]
[White "Guidom"]
[Black "Fantomas"]
[WhiteElo "2110"]
[BlackElo "2120"]
[Result "1-0"]
[Round "1"]
1.e4 e5
2.Ng1f3 d6
3.Bf1c4 Bf8e7
4.Nb1c3 Ng8f6
5.d3 h6
6.O-O Bc8g4
7.Bc1e3 c5
8.a3 O-O
9.Nc3d5 Nf6xd5
10.Bc4xd5 Nb8c6
11.h3 Bg4h5
12.g4 Bh5g6
13.Qd1d2 Qd8d7
14.Kh2 Nc6d4
15.Nf3xd4 cxd4
16.Be3xh6 gxh6
17.Qd2xh6 Bg6h7
18.g5 Kh8
19.f4 f5
20.g6 Be7f6
21.fxe5 Bf6xe5
22.Kh1 Rf8f6
23.Qh6xh7 Qd7xh7
24.gxh7 Kxh7
25.Rf1xf5 Rf6g6
26.Ra1g1 Rg6f6
27.Rg1f1 Rf6g6
28.Rf5f7 Kh6
29.Bd5xb7 Ra8g8
30.Rf7f8 Rg8g7
31.Rf8h8 Kg5
32.Rf1g1 Kf4
33.Rg1xg6 Rg7xg6
34.Rh8f8 Ke3
35.Bb7c8 Be5f4
36.Bc8g4 Rg6g7
37.Rf8c8 Kf2
38.b4 Kg3
39.a4 Rg7f7
40.b5 Bf4e3
41.Bg4f5 Rf7g7
42.a5 Kf3
43.Bf5g4 Kg3
44.b6 axb6
45.axb6 Rg7g5
46.Bg4f5 Kf2
47.Bf5g4 Be3f4
48.Rc8f8 Kg3
49.Bg4f5 Kf2
50.Bf5g4 Kg3
51.b7 Rg5a5
52.Rf8a8 Ra5c5
53.b8Q Rc5xc2
54.Ra8a1 Rc2h2
55.Kg1 Bf4e3
56.Kf1 Rh2h1
57.Ke2 Rh1xa1
58.Qb8xd6 Kg2
59.Bg4f3 { resign }
1-0

[Event "Tourn. n10301"]
[Site "www.chess-mail.com"]
[Date "2020.04.07"]
[Round "1"]
[White "Osopanda"]
[Black "Cal"]
[WhiteElo "1840"]
[BlackElo "1700"]
[Result "1-0"]
[Round "1"]
1.e4 e5
2.Ng1f3 d6
3.d4 Bc8g4
4.dxe5 Nb8c6
5.exd6 cxd6
6.Bf1b5 Qd8d7
7.O-O h6
8.Rf1e1 Ng8f6
9.Nb1c3 Bf8e7
10.Bc1f4 a6
11.Bb5a4 b5
12.Ba4b3 O-O
13.Nc3d5 Rf8e8
14.Nd5xe7 Re8xe7
15.Qd1d3 Ra8d8
16.a4 Nc6b4
17.Qd3e3 Re7xe4
18.Qe3d2 Qd7c6
19.c3 Re4xe1
20.Nf3xe1 Nb4d5
21.Bf4g3 Nf6e4
22.Qd2xd5 Qc6e8
23.Ne1d3 Rd8d7
24.f3 Bg4xf3
25.gxf3 Ne4d2
26.Bb3c2 Qe8e3
27.Bg3f2 Nd2xf3
28.Kg2 Qe3d2
29.Qd5a8 Kh7
30.Nd3e1 g6
31.Qa8xf3 Rd7e7
32.Ra1d1 Qd2g5
33.Bf2g3 d5
34.Rd1xd5 Re7xe1
35.Qf3xf7 Kh8
36.Rd5xg5 Re1e2
37.Kh3 hxg5
38.Bc2xg6 g4
39.Kxg4 Re2xb2
40.Qf7h7 { resign }
1-0

[Event "Tourn. n10324"]
[Site "www.chess-mail.com"]
[Date "2020.04.07"]
[Round "1"]
[White "Cal"]
[Black "Osopanda"]
[WhiteElo "1670"]
[BlackElo "1830"]
[Result "0-1"]
[Round "1"]
1.Ng1f3 d5
2.d4 c5
3.dxc5 Nb8c6
4.e3 e5
5.a3 Bf8xc5
6.Bf1b5 Bc8g4
7.Nb1c3 Ng8f6
8.O-O O-O
9.Bb5xc6 bxc6
10.Qd1e2 Rf8e8
11.h3 Bg4h5
12.Nc3d1 e4
13.b4 Bc5d6
14.c3 exf3
15.gxf3 Nf6e4
16.Nd1b2 Qd8h4
17.Nb2d3 Qh4xh3
18.Nd3f4 Bd6xf4
19.exf4 Bh5xf3
20.Qe2xf3 Qh3xf3
21.Ra1a2 Re8e6
22.Bc1b2 Re6g6
23.Kh2 Qf3g2
{ resign }
0-1

[Event "1/128 Finale"]
[Site "www.chess-mail.com"]
[Date "2020.04.07"]
[Round "1"]
[White "Gyutan"]
[Black "Jerome"]
[WhiteElo "1499"]
[BlackElo "2870"]
[Result "1/2-1/2"]
[Round "1"]
1.d4 Ng8f6
2.c4 g6
3.f3 Nb8c6
4.d5 Nc6e5
5.e4 d6
6.Nb1c3 Bf8g7
7.f4 Ne5d7
8.Ng1h3 O-O
9.Bf1e2 Nd7b6
10.Nh3f2 e6
11.O-O exd5
12.cxd5 c6
13.dxc6 bxc6
14.Bc1e3 Rf8e8
15.Ra1c1 Bc8b7
16.Be2f3 Bb7a6
17.Rf1e1 Nb6c4
18.Qd1a4 Ba6b5
19.Nc3xb5 cxb5
20.Qa4xb5 Nc4xe3
21.Re1xe3 Ra8b8
22.Qb5d3 Rb8xb2
23.Re3e2 Rb2xe2
24.Bf3xe2 Qd8e7
25.Be2f3 Re8b8
26.g3 Rb8b2
27.Rc1c8 Bg7f8
28.Rc8c2 Rb2xc2
29.Qd3xc2 Qe7b7
30.Qc2b3 Qb7c7
31.Kg2 h5
32.Bf3d1 Bf8e7
33.f5 Kg7
34.fxg6 fxg6
35.Qb3e6 Qc7d7
36.Qe6xd7 Nf6xd7
37.Nf2d3 Nd7e5
{ draw }
1/2-1/2

[Event "1/32 Finale"]
[Site "www.chess-mail.com"]
[Date "2020.04.07"]
[Round "1"]
[White "Hennie4820"]
[Black "Madz123456"]
[WhiteElo "2180"]
[BlackElo "1930"]
[Result "0-1"]
[Round "1"]
1.e4 c5
2.Ng1f3 d6
3.d4 cxd4
4.Nf3xd4 Bc8d7
5.c4 Ng8f6
6.Nb1c3 g6
7.Bf1e2 Nb8c6
8.O-O Bf8g7
9.Bc1e3 O-O
10.f3 Nc6xd4
11.Be3xd4 Nf6h5
12.Bd4xg7 Kxg7
13.Qd1d2 Nh5f6
14.Nc3d5 Nf6xd5
15.cxd5 Qd8b6
16.Kh1 a5
17.Ra1c1 Ra8c8
18.b3 f6
19.Rc1c2 Rc8xc2
20.Qd2xc2 Rf8c8
21.Qc2d2 a4
22.b4 a3
23.Rf1c1 Qb6xb4
24.Qd2d1 Bd7a4
25.Qd1f1 Rc8xc1
26.Qf1xc1 Ba4c2
27.h3 Qb4b2
{ resign }
0-1

[Event "Tourn. n10316"]
[Site "www.chess-mail.com"]
[Date "2020.04.07"]
[Round "1"]
[White "Francesco"]
[Black "Madz123456"]
[WhiteElo "2050"]
[BlackElo "1970"]
[Result "0-1"]
[Round "1"]
1.e4 c5
2.c3 e6
3.d4 d5
4.dxc5 Bf8xc5
5.exd5 exd5
6.Ng1f3 Ng8f6
7.Bc1g5 Bc5xf2
8.Kxf2 Nf6e4
9.Kg1 Ne4xg5
10.Qd1e2 Ng5e4
11.Nb1d2 f5
12.Ra1d1 O-O
13.g3 Qd8b6
14.Kg2 Nb8c6
15.Nd2b3 Bc8e6
16.Nf3d4 f4
17.gxf4 Rf8xf4
18.Qe2c2 Be6h3
19.Kxh3 Nc6xd4
20.Rd1xd4 Qb6e6
21.Kg2 Qe6g4
{ resign }
0-1

[Event "1/128 Finale"]
[Site "www.chess-mail.com"]
[Date "2020.04.07"]
[Round "1"]
[White "Ffdd65"]
[Black "Destructor"]
[WhiteElo "2290"]
[BlackElo "2540"]
[Result "0-1"]
[Round "1"]
1.e4 c5
2.Ng1f3 Nb8c6
3.Bf1e2 d6
4.c3 Ng8f6
5.Qd1c2 e5
6.d3 Bf8e7
7.h3 O-O
8.Bc1e3 d5
9.exd5 Nf6xd5
10.Nb1d2 Nd5xe3
11.fxe3 Be7h4
12.Kd1 Bh4f2
13.e4 Bc8e6
14.Rh1f1 Bf2g3
15.a3 Ra8c8
16.c4 a6
17.b3 b5
18.Ra1a2 Qd8a5
19.Nd2b1 Rf8d8
20.Kc1 Bg3f4
21.Kb2 Rc8b8
22.Nb1c3 Rd8xd3
23.Nc3xb5 Rd3xb3
24.Qc2xb3 axb5
25.Ka1 bxc4
26.Qb3c2 c3
27.Rf1b1 Rb8xb1
28.Qc2xb1 Be6xa2
29.Qb1xa2 Nc6b4
30.axb4 Qa5xa2
{ resign }
0-1

[Event "Tourn. n10312"]
[Site "www.chess-mail.com"]
[Date "2020.04.07"]
[Round "1"]
[White "Madz123456"]
[Black "Hundegana"]
[WhiteElo "1930"]
[BlackElo "1980"]
[Result "1-0"]
[Round "1"]
1.e4 c5
2.Ng1f3 Nb8c6
3.Bf1b5 Nc6d4
4.Nf3xd4 cxd4
5.O-O e5
6.d3 a6
7.Bb5a4 b5
8.Ba4b3 Ng8e7
9.Qd1h5 Ne7g6
10.f4 Qd8h4
11.Qh5xh4 Ng6xh4
12.f5 g6
13.Bc1g5 Nh4xg2
14.fxg6 Bf8e7
15.g7 Rh8g8
16.Bb3xf7 Kd8
17.Bf7xg8 Ng2f4
18.Bg8d5 Nf4xd5
19.g8Q Kc7
20.Qg8xd5 Bc8b7
21.Qd5xe5 Be7d6
22.Qe5g7 Bb7c6
23.Nb1d2 h5
24.Bg5f4 Bd6xf4
25.Rf1xf4 a5
26.Nd2b3 a4
27.Nb3xd4 Bc6b7
28.Nd4e6 Kd6
29.Qg7d4 Kxe6
30.Qd4f6 { resign }
1-0

[Event "Pariolinius great tourney"]
[Site "www.echecsemail.com"]
[Date "2020.04.08"]
[Round "1"]
[White "Passaroa25"]
[Black "Ket"]
[WhiteElo "1690"]
[BlackElo "2029"]
[Result "0-1"]
[Round "1"]
1.Nb1c3 e5
2.e4 Ng8f6
3.d3 d5
4.f3 Bf8b4
5.Ng1e2 d4
6.a3 dxc3
7.axb4 cxb2
8.Bc1xb2 Qd8d6
9.Bb2c3 Nb8d7
10.Ne2g3 Nd7b6
11.Ng3f5 Bc8xf5
12.exf5 Nb6d5
13.Bc3d2 Nd5xb4
14.Bf1e2 Nb4c6
15.Bd2e3 O-O
16.Be3f2 Nc6d4
17.O-O Nd4xf5
18.Ra1b1 b6
19.Qd1c1 a5
20.c4 Nf5d4
21.Qc1d2 a4
22.Be2d1 a3
23.Bf2xd4 Qd6xd4
24.Kh1 Rf8d8
25.Bd1b3 Qd4xd3
26.Qd2xd3 Rd8xd3
27.h3 Rd3d2
28.Rb1a1 Rd2d3
29.Rf1b1 Nf6d7
30.Kh2 Nd7c5
31.Bb3c2 Rd3c3
32.Bc2e4 Nc5xe4
33.fxe4 Rc3xc4
34.Rb1d1 g6
35.Rd1e1 b5
36.Re1e2 b4
37.Kg3 c5
38.Re2e3 Ra8d8
39.Kf3 Rc4d4
40.g4 Rd4d3
41.Re3xd3 Rd8xd3
42.Kg2 Rd3b3
{ resign }
0-1

[Event "1/32 Finale"]
[Site "www.chess-mail.com"]
[Date "2020.04.08"]
[Round "1"]
[White "D4minance"]
[Black "Vega"]
[WhiteElo "2880"]
[BlackElo "2610"]
[Result "1-0"]
[Round "1"]
1.Ng1f3 d5
2.d4 Ng8f6
3.c4 c6
4.e3 Bc8f5
5.Nb1c3 e6
6.Nf3h4 Bf5g6
7.Nh4xg6 hxg6
8.Ra1b1 Nb8d7
9.c5 Bf8e7
10.b4 Qd8c7
11.g3 O-O
12.Bf1g2 b6
13.O-O a5
14.a3 Rf8b8
15.Bc1d2 e5
16.e4 bxc5
17.dxc5 d4
18.Nc3a4 Qc7c8
19.Rf1e1 axb4
20.axb4 Qc8a6
21.Na4b2 Qa6a2
22.Qd1c1 Qa2a6
23.Bg2f1 Qa6b7
24.Bf1c4 Ra8a3
25.Nb2d3 Rb8a8
26.Qc1c2 Qb7c7
27.Bc4b3 Nd7f8
28.Bd2c1 Ra3a7
29.f4 exf4
30.gxf4 Nf6g4
31.Qc2g2 Qc7c8
32.f5 gxf5
33.exf5 Qc8xf5
34.Re1f1 Qf5xd3
35.Bb3xf7 Kh8
36.Rb1b3 Qd3xf1
37.Kxf1 Be7g5
38.Rb3h3 Ng4h6
39.Qg2xg5 Ra7xf7
40.Ke2 Ra8a2
41.Kd3 Rf7f1
42.Qg5e5 Rf1d1
43.Kc4 Rd1xc1
44.Kb3 Ra2a6
45.Qe5f4 Rc1b1
46.Kc2 Ra6a1
47.Qf4xf8 Kh7
48.Qf8f5 Kh8
49.Qf5c8 Kh7
50.Qc8xc6 Rb1xb4
51.Qc6e4 Kh8
52.Rh3b3 Ra1a2
53.Kb1 Rb4xb3
54.Kxa2 Rb3h3
55.c6 Rh3xh2
56.Kb1 Rh2h3
57.Qe4xd4 Rh3h1
58.Kc2 Rh1h2
59.Kc3 Rh2h3
60.Kc4 Rh3h1
61.c7 Rh1c1
62.Qd4c3 { resign }
1-0

[Event "Tourn. n10301"]
[Site "www.chess-mail.com"]
[Date "2020.04.08"]
[Round "1"]
[White "Madz123456"]
[Black "Roque1"]
[WhiteElo "1790"]
[BlackElo "1900"]
[Result "1-0"]
[Round "1"]
1.e4 c5
2.Nb1c3 e6
3.Ng1f3 Nb8c6
4.Bf1b5 Bf8e7
5.O-O d6
6.Bb5xc6 bxc6
7.e5 d5
8.d3 Bc8d7
9.Nc3a4 Qd8a5
10.b3 f6
11.c4 d4
12.Bc1a3 fxe5
13.Qd1e2 Be7d6
14.Ba3xc5 Bd6xc5
15.Qe2xe5 Ng8f6
16.Na4xc5 O-O
17.Nc5xd7 Qa5xe5
18.Nd7xe5 a5
19.Ne5xc6 Ra8a6
20.Nc6xd4 Ra6d6
21.Rf1e1 Rf8e8
22.Ra1d1 e5
23.Nd4b5 Rd6d7
24.Nf3xe5 Rd7e7
25.d4 Nf6g4
26.Nb5d6 Re8d8
27.Nd6f5 { resign }
1-0

[Event "Match"]
[Site "www.echecsemail.com"]
[Date "2020.04.08"]
[Round "1"]
[White "Mb20"]
[Black "Peterpawn"]
[WhiteElo "2050"]
[BlackElo "1930"]
[Result "0-1"]
[Round "1"]
1.d4 d5
2.c4 c6
3.Ng1f3 e6
4.e3 Ng8f6
5.Nb1c3 Bf8b4
6.Qd1c2 Nb8d7
7.Bc1d2 O-O
8.Bf1d3 a6
9.O-O dxc4
10.Bd3xc4 b5
11.Bc4d3 c5
 { time }
0-1

[Event "Match"]
[Site "www.echecsemail.com"]
[Date "2020.04.08"]
[Round "1"]
[White "Double2dutch"]
[Black "Joseph1983"]
[WhiteElo "2370"]
[BlackElo "2160"]
[Result "1/2-1/2"]
[Round "1"]
1.c4 Ng8f6
2.Nb1c3 g6
3.e4 d6
4.d4 Bf8g7
5.Bf1e2 O-O
6.Ng1f3 Nb8c6
7.O-O e5
8.d5 Nc6e7
9.b4 a5
10.Bc1a3 axb4
11.Ba3xb4 Nf6e8
12.c5 f5
13.Qd1b3 h6
14.Nf3d2 Ne8f6
15.cxd6 cxd6
16.Nd2c4 Nf6e8
17.f3 f4
18.a4 g5
19.a5 Ne7g6
20.Nc4b6 Ra8b8
21.Nb6xc8 Rb8xc8
22.Qb3a3 Rf8f7
23.Ra1b1 Bg7f8
24.Nc3b5 h5
25.Rf1c1 Rc8xc1
26.Rb1xc1 Rf7d7
27.Qa3c3 Ne8f6
28.Nb5c7 g4
29.Nc7e6 Qd8b8
30.Be2b5 { draw }
1/2-1/2

[Event "Tourn. n10250"]
[Site "www.chess-mail.com"]
[Date "2020.04.08"]
[Round "1"]
[White "Seger"]
[Black "Numanoid"]
[WhiteElo "2830"]
[BlackElo "2740"]
[Result "1/2-1/2"]
[Round "1"]
1.e4 Nb8c6
2.d4 d5
3.e5 Bc8f5
4.c3 e6
5.Nb1d2 a6
6.h4 h5
7.Bf1e2 f6
8.Be2xh5 Kd7
9.exf6 Ng8xf6
10.Bh5f3 Bf8d6
11.g4 Bf5h7
12.g5 Nf6g8
13.Nd2f1 Ng8e7
14.h5 Qd8f8
15.g6 Bh7g8
16.Bc1g5 Ra8e8
17.Nf1e3 Kc8
18.Bg5h4 Kb8
19.Bf3g4 e5
20.Qd1f3 exd4
21.Qf3xf8 Re8xf8
22.cxd4 Nc6xd4
23.O-O-O c5
24.Bh4xe7 Bd6xe7
25.Ng1h3 Kc7
26.Kb1 Kc6
27.f4 Be7d8
28.Rh1e1 Bd8h4
29.Re1f1 Rf8e8
30.Ne3g2 Bh4f6
31.Nh3g5 c4
32.Rf1e1 Re8f8
33.Ng2e3 Kc5
34.a3 b5
35.Ng5f3 Nd4xf3
36.Bg4xf3 Bf6h4
37.Re1h1 Rf8xf4
38.Bf3xd5 Bh4f2
39.Bd5xg8 Bf2xe3
40.Rd1d5 Kc6
41.Bg8e6 Rf4d4
42.Rh1e1 Rd4xd5
43.Be6xd5 Kxd5
44.Re1xe3 Rh8xh5
45.Re3e7 Rh5h1
46.Kc2 Rh1h2
{ draw }
1/2-1/2

[Event "Tourn. n10322"]
[Site "www.chess-mail.com"]
[Date "2020.04.08"]
[Round "1"]
[White "Galiany17"]
[Black "Foxy100"]
[WhiteElo "2540"]
[BlackElo "2520"]
[Result "0-1"]
[Round "1"]
1.e4 e5
2.Ng1f3 Nb8c6
3.Bf1c4 Ng8f6
4.Nf3g5 d5
5.exd5 Nc6a5
6.Bc4b5 c6
7.dxc6 bxc6
8.Bb5d3 h6
9.Ng5e4 Nf6d5
10.O-O Nd5f4
11.Bd3e2 Ra8b8
12.d3 Bf8e7
13.Be2f3 O-O
14.Nb1d2 f5
15.Ne4c3 Qd8c7
16.b3 Be7f6
17.Bc1b2 Nf4e6
18.Rf1e1 Rf8d8
19.Nc3a4 g5
20.h3 Ne6f4
21.a3 Bf6g7
22.b4 Na5b7
23.Nd2c4 e4
24.Bf3e2 Bc8e6
25.Qd1c1 Be6xc4
26.dxc4 Bg7xb2
27.Na4xb2 Nb7d6
28.c5 Nf4xe2
29.Re1xe2 Nd6b5
30.c3 Qc7e5
31.c4 Nb5d4
32.Re2d2 Nd4b3
33.Rd2xd8 Rb8xd8
{ resign }
0-1

[Event "Tourn. n10310"]
[Site "www.chess-mail.com"]
[Date "2020.04.08"]
[Round "1"]
[White "Fantomas"]
[Black "Seger"]
[WhiteElo "2200"]
[BlackElo "2780"]
[Result "0-1"]
[Round "1"]
1.e4 c5
2.Ng1f3 e6
3.d4 d5
4.exd5 exd5
5.Bf1e2 Nb8c6
6.c3 Ng8f6
7.O-O cxd4
8.Nf3xd4 Bf8d6
9.h3 O-O
10.Be2f3 Bd6b8
11.Nd4e2 Rf8e8
12.Bc1e3 Re8xe3
13.fxe3 Qd8d6
14.Kf2 a6
15.Nb1d2 Nc6e5
16.Qd1c2 Bc8d7
17.Ra1d1 Bb8a7
18.Ne2d4 Ne5xf3
19.Nd2xf3 Nf6e4
20.Kg1 Qd6g3
21.Kh1 Qg3c7
22.Kg1 Ra8e8
23.Rd1e1 Ba7b8
24.g4 h5
25.Qc2g2 hxg4
26.hxg4 Qc7c8
27.Nf3h2 g6
28.Rf1f3 Ne4g5
29.Rf3f1 Kg7
30.Nd4f3 Ng5e4
31.Nf3d4 Re8h8
32.Nd4f3 f5
{ resign }
0-1

[Event "Tourn. n10314"]
[Site "www.chess-mail.com"]
[Date "2020.04.08"]
[Round "1"]
[White "Rons"]
[Black "Jose"]
[WhiteElo "2630"]
[BlackElo "2850"]
[Result "1/2-1/2"]
[Round "1"]
1.e4 c5
2.Ng1f3 e6
3.d4 cxd4
4.Nf3xd4 Nb8c6
5.Nb1c3 Qd8c7
6.Bc1e3 a6
7.Qd1f3 Ng8f6
8.O-O-O Nc6xd4
9.Be3xd4 e5
10.Bd4e3 d6
11.h3 b5
12.a3 h6
13.g4 Ra8b8
14.g5 hxg5
15.Be3xg5 Bf8e7
16.Bg5xf6 Be7xf6
17.Nc3d5 Bf6g5
18.Kb1 Qc7d8
19.Rh1g1 Rh8h4
20.Qf3c3 Bc8b7
21.f4 Bg5xf4
22.Rg1xg7 Kf8
23.Rg7g2 Bb7xd5
24.Rd1xd5 Qd8b6
25.Qc3b3 Rh4h6
26.Ka2 Ke7
27.Bf1e2 Qb6a7
28.Be2g4 Qa7c7
29.Rg2f2 Rb8b6
30.Rf2f3 Rb6c6
31.Kb1 Rh6h8
32.c3 Rc6c4
33.Rf3d3 Rc4c6
34.Qb3c2 Rh8h6
35.Rd3d1 Rh6g6
36.Ka1 Rc6b6
37.Qc2e2 Rg6g8
38.Rd1f1 Rg8g6
{ draw }
1/2-1/2

[Event "Tourn. n10324"]
[Site "www.chess-mail.com"]
[Date "2020.04.09"]
[Round "1"]
[White "Picifarkinca"]
[Black "Iko"]
[WhiteElo "1630"]
[BlackElo "1700"]
[Result "0-1"]
[Round "1"]
1.e4 e5
2.Ng1f3 d6
3.d4 Bc8g4
4.dxe5 Bg4xf3
5.Qd1xf3 dxe5
6.Bf1c4 Qd8d4
7.Bc4xf7 Ke7
8.Bf7xg8 Rh8xg8
9.O-O Ke6
10.Qf3b3 Ke7
11.Qb3xg8 Qd4xe4
12.Qg8b3 Nb8a6
13.Bc1e3 Ra8d8
14.Nb1d2 Qe4g6
15.Qb3b5 Rd8b8
16.Qb5xe5 Kd7
17.c3 Rb8e8
18.Qe5d4 Bf8d6
{ resign }
0-1

[Event "Tourn. n10324"]
[Site "www.chess-mail.com"]
[Date "2020.04.09"]
[Round "1"]
[White "Cal"]
[Black "Picifarkinca"]
[WhiteElo "1660"]
[BlackElo "1630"]
[Result "1-0"]
[Round "1"]
1.c4 e6
2.e4 d5
3.cxd5 exd5
4.e5 c5
5.d4 Nb8c6
6.Bc1e3 Qd8b6
7.Qd1d2 cxd4
8.Be3f4 Bf8b4
9.Nb1c3 dxc3
10.bxc3 Bb4a5
11.Bf1e2 Qb6c5
12.Ra1c1 d4
13.Ng1f3 dxc3
14.Qd2d6 Qc5xd6
15.O-O Qd6a3
16.Be2c4 Ng8e7
17.Bc4b5 O-O
18.Bb5xc6 bxc6
19.Nf3d4 Bc8f5
20.Nd4f3 Ne7d5
21.Nf3d4 Nd5xf4
22.Nd4xf5 { resign }
1-0

[Event "Tourn. n10324"]
[Site "www.chess-mail.com"]
[Date "2020.04.09"]
[Round "1"]
[White "Picifarkinca"]
[Black "Fabos12"]
[WhiteElo "1630"]
[BlackElo "1770"]
[Result "0-1"]
[Round "1"]
1.e4 e6
2.d4 Nb8c6
3.c4 b6
4.d5 exd5
5.cxd5 Nc6e5
6.Nb1c3 Bc8b7
7.f4 Ne5g6
8.Ng1f3 Ng6h4
9.g3 Nh4xf3
10.Qd1xf3 Bf8b4
{ resign }
0-1

[Event "Tourn. n10311"]
[Site "www.chess-mail.com"]
[Date "2020.04.09"]
[Round "1"]
[White "Picifarkinca"]
[Black "Cal"]
[WhiteElo "1620"]
[BlackElo "1720"]
[Result "0-1"]
[Round "1"]
1.g3 d5
2.Bf1g2 e5
3.d3 h6
4.Nb1d2 Ng8f6
5.c4 d4
6.Ra1b1 Bf8b4
7.a3 Bb4xd2
8.Bc1xd2 Nb8c6
9.b4 a6
10.b5 axb5
11.cxb5 Nc6a7
12.b6 cxb6
13.Qd1b3 Bc8e6
14.Qb3xb6 Qd8d7
15.Bg2xb7 O-O
16.Bb7xa8 Rf8xa8
17.Ng1f3 Na7c6
18.O-O Ra8xa3
19.Rb1c1 Nc6e7
20.Nf3xe5 Qd7a4
21.Qb6b4 Qa4a6
22.Qb4xe7 Nf6d5
23.Qe7d8 Kh7
24.f4 f6
25.Ne5c4 Ra3b3
26.f5 Be6f7
27.Nc4d6 Bf7g8
28.Rc1c8 Qa6xc8
29.Qd8xc8 Nd5b6
30.Qc8b7 Nb6a4
31.Qb7xb3 Bg8xb3
32.Nd6b5 g6
33.Nb5xd4 Bb3d5
34.fxg6 Kxg6
35.Bd2xh6 Kxh6
36.Rf1xf6 Kg5
37.Rf6f5 Kg6
38.Rf5xd5 Na4c3
39.Rd5d6 Kg5
40.Kf2 Nc3d1
41.Kf3 Nd1c3
{ resign }
0-1

[Event "Tourn. n10330"]
[Site "www.chess-mail.com"]
[Date "2020.04.09"]
[Round "1"]
[White "Picifarkinca"]
[Black "Cal"]
[WhiteElo "1630"]
[BlackElo "1680"]
[Result "0-1"]
[Round "1"]
1.d4 d5
2.c4 dxc4
3.Nb1c3 h6
4.e4 e6
5.Bf1xc4 Bf8b4
6.Qd1a4 Nb8c6
7.d5 Bb4xc3
8.bxc3 Bc8d7
9.dxc6 Bd7xc6
10.Bc4b5 Ng8e7
11.Bb5xc6 Ne7xc6
12.Qa4b5 Ra8b8
13.Bc1a3 a6
14.Qb5c5 Qd8d7
15.Ra1d1 Qd7e7
16.Qc5xe7 Nc6xe7
17.Ng1f3 Ne7c6
{ resign }
0-1

[Event "Tourn. n10342"]
[Site "www.chess-mail.com"]
[Date "2020.04.09"]
[Round "1"]
[White "Roque1"]
[Black "Picifarkinca"]
[WhiteElo "1890"]
[BlackElo "1680"]
[Result "1-0"]
[Round "1"]
1.e4 c5
2.Ng1f3 Nb8c6
3.Bf1b5 e6
4.Bb5xc6 dxc6
5.Nb1c3 b5
6.d3 Qd8c7
7.Bc1e3 { resign }
1-0

[Event "Tourn. n10342"]
[Site "www.chess-mail.com"]
[Date "2020.04.09"]
[Round "1"]
[White "Picifarkinca"]
[Black "Cal"]
[WhiteElo "1690"]
[BlackElo "1710"]
[Result "0-1"]
[Round "1"]
1.e4 e5
2.f4 exf4
3.Ng1f3 d6
4.Bf1c4 h6
5.h4 Ng8f6
6.Nb1c3 Bc8g4
7.d4 Nf6h5
8.Nc3d5 Nb8c6
9.c3 a6
{ resign }
0-1

[Event "Tourn. n10337"]
[Site "www.chess-mail.com"]
[Date "2020.04.09"]
[Round "1"]
[White "Picifarkinca"]
[Black "Sonny1000"]
[WhiteElo "1680"]
[BlackElo "1670"]
[Result "0-1"]
[Round "1"]
1.e4 Nb8c6
2.d4 d5
3.e5 e6
4.c3 b5
5.Bf1xb5 Bc8d7
6.Ng1e2 Ra8b8
7.Bb5d3 h6
8.O-O Qd8h4
9.Nb1d2 Qh4h5
{ resign }
0-1